Kraje które uzyskały niepodległość od innych krajów - Statystyki

Ogólne statystyki
  • Ten quiz został rozwiązany 17 razy
  • Średni wynik to 15 z 20
Statystyki odpowiedzi
Kraj Odpowiedź % Poprawnych
Brazylia Portugalia
100%
Chorwacja Jugosławia
93%
Finlandia Rosja
93%
Indie Wielka Brytania
93%
Wenezuela Hiszpania
87%
Belgia Holandia
87%
Norwegia Szwecja
87%
Meksyk Hiszpania
80%
Korea Północna Japonia
80%
Ukraina Związek Radziecki
80%
Kostaryka Hiszpania
73%
Bangladesz Pakistan
73%
Stany Zjednoczone Wielka Brytania
73%
Mali Francja
67%
Filipiny Stany Zjednoczone
67%
Fidżi Wielka Brytania
67%
Gwinea Równikowa Hiszpania
60%
Libia Włochy
53%
Rwanda Belgia
47%
Laos Francja
33%
Nie znaleziono quizów pasujących do podanych kryteriów
Rozkład punktacji
Procent ludzi z każdym wynikiem
Percentyl według liczby udzielonych odpowiedzi
Twoja historia wyników
Nie rozwiązałeś tego quizu